[Event "ODJM B 2023"]
[Site "Willingen GER"]
[Date "2023.06.02"]
[Round "8"]
[White "Beberhold, Otto Richard"]
[Black "Hartwig, Eric-Jordan"]
[Result "1/2-1/2"]
[Termination "normal"]
[Board "35"]
[WhiteElo "1427"]
[BlackElo "1534"]
[WhiteClock "00:05:46"]
[BlackClock "00:11:08"]
[PlyCount "80"]
[WhiteFideId "34617248"]
[BlackFideId "16298454"]
[EventCountry "GER"]
[EventRounds "9"]
[EventType "swiss"]
[EventDate "2023.05.27"]

1. d4 {[%clk 01:30:58]} {[%emt 00:00:02]} Nf6 {[%clk 01:30:53]} {[%emt
00:00:07]} 2. c4 {[%clk 01:31:23]} {[%emt 00:00:05]} e6 {[%clk 01:31:20]}
{[%emt 00:00:04]} 3. Nc3 {[%clk 01:31:41]} {[%emt 00:00:11]} Bb4 {[%clk
01:31:43]} {[%emt 00:00:07]} 4. e3 {[%clk 01:32:05]} {[%emt 00:00:05]} O-O
{[%clk 01:31:56]} {[%emt 00:00:18]} 5. Qc2 {[%clk 01:32:15]} {[%emt 00:00:20]}
Re8 {[%clk 01:31:55]} {[%emt 00:00:32]} 6. Nf3 {[%clk 01:32:08]} {[%emt
00:00:36]} b6 {[%clk 01:30:30]} {[%emt 00:01:55]} 7. Bd2 {[%clk 01:28:24]}
{[%emt 00:04:13]} Bb7 {[%clk 01:29:11]} {[%emt 00:01:50]} 8. Be2 {[%clk
01:28:19]} {[%emt 00:00:36]} d5 {[%clk 01:29:14]} {[%emt 00:00:27]} 9. O-O
{[%clk 01:24:00]} {[%emt 00:04:48]} dxc4 {[%clk 01:23:43]} {[%emt 00:06:02]}
10. Bxc4 {[%clk 01:22:36]} {[%emt 00:01:54]} Nc6 {[%clk 01:20:41]} {[%emt
00:03:31]} 11. a3 {[%clk 01:16:00]} {[%emt 00:07:06]} Bxc3 {[%clk 01:19:12]}
{[%emt 00:01:59]} 12. Bxc3 {[%clk 01:14:44]} {[%emt 00:01:45]} Ne7 {[%clk
01:15:16]} {[%emt 00:04:26]} 13. b4 {[%clk 01:09:44]} {[%emt 00:05:29]} Ne4
{[%clk 01:12:41]} {[%emt 00:03:07]} 14. Bb2 {[%clk 01:08:08]} {[%emt 00:02:07]}
Nf5 {[%clk 01:11:11]} {[%emt 00:01:59]} 15. Bb5 {[%clk 00:59:32]} {[%emt
00:09:06]} Rf8 {[%clk 00:59:13]} {[%emt 00:12:28]} 16. Ne5 {[%clk 00:59:53]}
{[%emt 00:00:08]} Ned6 {[%clk 00:49:23]} {[%emt 00:10:20]} 17. Bc6 {[%clk
00:55:44]} {[%emt 00:04:40]} a5 {[%clk 00:46:11]} {[%emt 00:03:42]} 18. Rac1
{[%clk 00:45:38]} {[%emt 00:10:35]} axb4 {[%clk 00:44:59]} {[%emt 00:01:43]}
19. axb4 {[%clk 00:45:42]} {[%emt 00:00:25]} Ra7 {[%clk 00:45:05]} {[%emt
00:00:25]} 20. Rfd1 {[%clk 00:43:11]} {[%emt 00:03:01]} Ne7 {[%clk 00:44:19]}
{[%emt 00:01:17]} 21. Bxb7 {[%clk 00:38:23]} {[%emt 00:05:18]} Rxb7 {[%clk
00:44:27]} {[%emt 00:00:21]} 22. e4 {[%clk 00:38:15]} {[%emt 00:00:38]} Qe8
{[%clk 00:43:07]} {[%emt 00:01:50]} 23. f3 {[%clk 00:36:12]} {[%emt 00:02:33]}
Qb5 {[%clk 00:42:15]} {[%emt 00:01:23]} 24. Qc3 {[%clk 00:35:12]} {[%emt
00:01:28]} Rd8 {[%clk 00:36:30]} {[%emt 00:06:16]} 25. d5 {[%clk 00:33:06]}
{[%emt 00:02:36]} f6 {[%clk 00:35:58]} {[%emt 00:01:02]} 26. Nc6 {[%clk
00:30:56]} {[%emt 00:02:40]} Nxc6 {[%clk 00:36:05]} {[%emt 00:00:23]} 27. dxc6
{[%clk 00:31:15]} {[%emt 00:00:10]} Rbb8 {[%clk 00:35:40]} {[%emt 00:00:56]}
28. Qb3 {[%clk 00:26:38]} {[%emt 00:05:08]} Kf7 {[%clk 00:33:50]} {[%emt
00:02:20]} 29. Qc3 {[%clk 00:22:33]} {[%emt 00:04:34]} Ke7 {[%clk 00:27:16]}
{[%emt 00:07:05]} 30. e5 {[%clk 00:22:14]} {[%emt 00:00:48]} Ne8 {[%clk
00:27:26]} {[%emt 00:00:21]} 31. f4 {[%clk 00:13:40]} {[%emt 00:06:43]} Rd5
{[%clk 00:20:55]} {[%emt 00:09:21]} 32. Rxd5 {[%clk 00:12:00]} {[%emt
00:02:11]} Qxd5 {[%clk 00:20:40]} {[%emt 00:00:45]} 33. Qd4 {[%clk 00:12:07]}
{[%emt 00:00:23]} Qxd4+ {[%clk 00:15:55]} {[%emt 00:05:15]} 34. Bxd4 {[%clk
00:12:29]} {[%emt 00:00:08]} Rd8 {[%clk 00:16:11]} {[%emt 00:00:15]} 35. Rd1
{[%clk 00:11:21]} {[%emt 00:01:38]} f5 {[%clk 00:14:35]} {[%emt 00:02:06]} 36.
Kf2 {[%clk 00:10:38]} {[%emt 00:01:13]} Ra8 {[%clk 00:13:39]} {[%emt 00:01:25]}
37. Kg3 {[%clk 00:06:50]} {[%emt 00:04:19]} Ra3+ {[%clk 00:11:10]} {[%emt
00:02:59]} 38. Kh4 {[%clk 00:05:46]} {[%emt 00:01:33]} Rb3 {[%clk 00:11:08]}
{[%emt 00:00:33]} 39. Bf2 {[%emt 00:04:00]} Rxb4 {[%emt 00:00:06]} 40. Be1
{[%emt 00:00:03]} Rb3 {[%emt 00:00:04]} 1/2-1/2

[Event "ODJM B 2023"]
[Site "Willingen GER"]
[Date "2023.06.02"]
[Round "8"]
[White "Derhay, Davyd"]
[Black "Oblender, Rudi"]
[Result "1-0"]
[Termination "normal"]
[Board "36"]
[WhiteElo "1376"]
[BlackElo "1391"]
[WhiteClock "01:15:19"]
[BlackClock "00:31:39"]
[PlyCount "51"]
[WhiteFideId "34130624"]
[BlackFideId "34625089"]
[EventCountry "GER"]
[EventRounds "9"]
[EventType "swiss"]
[EventDate "2023.05.27"]

1. e4 {[%clk 01:30:59]} e5 {[%clk 01:30:53]} {[%emt 00:00:08]} 2. Nf3 {[%clk
01:31:23]} {[%emt 00:00:06]} Nc6 {[%clk 01:31:15]} {[%emt 00:00:08]} 3. Bc4
{[%clk 01:31:47]} {[%emt 00:00:06]} g6 {[%clk 01:30:57]} {[%emt 00:00:48]} 4.
d3 {[%clk 01:32:00]} {[%emt 00:00:16]} Bg7 {[%clk 01:31:16]} {[%emt 00:00:12]}
5. Ng5 {[%clk 01:30:36]} {[%emt 00:01:53]} Nh6 {[%clk 01:30:04]} {[%emt
00:01:42]} 6. Nc3 {[%clk 01:29:52]} {[%emt 00:01:14]} Ne7 {[%clk 01:25:20]}
{[%emt 00:05:14]} 7. f4 {[%clk 01:28:22]} {[%emt 00:02:00]} c6 {[%clk
01:16:06]} {[%emt 00:09:44]} 8. fxe5 {[%clk 01:20:33]} {[%emt 00:08:19]} Bxe5
{[%clk 01:16:17]} {[%emt 00:00:19]} 9. O-O {[%clk 01:19:30]} {[%emt 00:01:34]}
d5 {[%clk 00:34:08]} {[%emt 00:42:39]} 10. exd5 {[%clk 01:18:39]} {[%emt
00:01:19]} Nxd5 {[%clk 00:34:33]} {[%emt 00:00:06]} 11. Qe2 {[%clk 01:15:21]}
{[%emt 00:03:48]} f6 {[%clk 00:32:36]} {[%emt 00:02:28]} 12. Nf3 {[%clk
01:15:16]} {[%emt 00:00:34]} Nf7 {[%clk 00:33:01]} {[%emt 00:00:05]} 13. d4
{[%clk 01:14:06]} {[%emt 00:01:41]} Bg4 {[%clk 00:30:07]} {[%emt 00:03:24]} 14.
dxe5 {[%clk 01:13:13]} {[%emt 00:01:23]} Nxe5 {[%clk 00:30:32]} {[%emt
00:00:05]} 15. Nxd5 {[%clk 01:13:21]} {[%emt 00:00:21]} cxd5 {[%clk 00:30:53]}
{[%emt 00:00:09]} 16. Bb5+ {[%clk 01:13:41]} {[%emt 00:00:10]} Kf7 {[%clk
00:30:37]} {[%emt 00:00:46]} 17. Nxe5+ {[%clk 01:14:02]} {[%emt 00:00:09]} Kg7
{[%clk 00:30:25]} {[%emt 00:00:43]} 18. Nxg4 {[%clk 01:14:23]} {[%emt
00:00:08]} h5 {[%clk 00:30:29]} {[%emt 00:00:26]} 19. Nxf6 {[%clk 01:14:12]}
{[%emt 00:00:40]} Rf8 {[%clk 00:30:12]} {[%emt 00:00:48]} 20. Bg5 {[%clk
01:14:02]} {[%emt 00:00:39]} Qb6+ {[%clk 00:30:15]} {[%emt 00:00:27]} 21. Kh1
{[%clk 01:14:06]} {[%emt 00:00:26]} d4 {[%clk 00:30:14]} {[%emt 00:00:31]} 22.
Qe7+ {[%clk 01:14:05]} {[%emt 00:00:31]} Rf7 {[%clk 00:30:33]} {[%emt
00:00:12]} 23. Ne8+ {[%clk 01:14:10]} {[%emt 00:00:25]} Rxe8 {[%clk 00:30:52]}
{[%emt 00:00:10]} 24. Qxf7+ {[%clk 01:14:33]} {[%emt 00:00:07]} Kh8 {[%clk
00:31:20]} {[%emt 00:00:03]} 25. Qxe8+ {[%clk 01:14:54]} {[%emt 00:00:07]} Kh7
{[%clk 00:31:39]} {[%emt 00:00:11]} 26. Rf7# {[%clk 01:15:19]} {[%emt
00:00:06]} 1-0

[Event "ODJM B 2023"]
[Site "Willingen GER"]
[Date "2023.06.02"]
[Round "8"]
[White "Schöne, Finn"]
[Black "Ginschel, Leonhard"]
[Result "0-1"]
[Termination "normal"]
[Board "37"]
[WhiteElo "1411"]
[BlackElo "1376"]
[PlyCount "76"]
[WhiteFideId "34623493"]
[BlackFideId "16290917"]
[EventCountry "GER"]
[EventRounds "9"]
[EventType "swiss"]
[EventDate "2023.05.27"]

1. d4 d5 2. Nc3 Nf6 3. Bf4 a6 4. e3 e6 5. Nf3 c5 6. dxc5 Bxc5 7. Ne5 Nbd7 8.
Bd3 Nxe5 9. Bxe5 Bd6 10. Bg3 O-O 11. e4 Bxg3 12. hxg3 dxe4 13. Nxe4 h6 14. Qf3
Qa5+ 15. c3 Nxe4 16. Qxe4 f5 17. Qh4 Qe5+ 18. Kd2 Bd7 19. Qf4 Qd5 20. Qf3 Qd6
21. Rhe1 Kh8 22. Qe3 Rae8 23. Kc2 Bc6 24. Rad1 Qc7 25. Qe5 Qxe5 26. Rxe5 Bxg2
27. Rde1 Rf6 28. Bxf5 Bc6 29. Rxe6 Rexe6 30. Bxe6 Rxf2+ 31. Kb3 Rf3 32. g4 Rf8
33. Rd1 Re8 34. Bd7 Rd8 35. Bxc6 Rxd1 36. Bxb7 Rd6 37. c4 Rb6+ 38. Ka4 Rxb7 0-1

[Event "ODJM B 2023"]
[Site "Willingen GER"]
[Date "2023.06.02"]
[Round "8"]
[White "Tulchynsky, Mark"]
[Black "Göb, Franziska"]
[Result "1-0"]
[Termination "normal"]
[Board "39"]
[WhiteElo "1425"]
[BlackElo "1278"]
[PlyCount "67"]
[WhiteFideId "34617698"]
[BlackFideId "16293177"]
[EventCountry "GER"]
[EventRounds "9"]
[EventType "swiss"]
[EventDate "2023.05.27"]

1. e4 e5 2. f4 exf4 3. Nf3 Ne7 4. Bc4 d5 5. exd5 Nxd5 6. O-O Be7 7. d4 Ne3 8.
Bxe3 fxe3 9. Qd3 O-O 10. Qxe3 Bf6 11. c3 Nc6 12. Nbd2 Re8 13. Qd3 Bg4 14. Bxf7+
Kxf7 15. Ng5+ Ke7 16. Qe4+ Ne5 17. Rae1 Kd7 18. dxe5 Bxg5 19. Qxg4+ Kc6 20.
Qc4+ Kd7 21. Ne4 Kc8 22. Nd6+ Kb8 23. Nxe8 Qxe8 24. Qf7 Qxf7 25. Rxf7 b6 26.
Rxg7 h6 27. Rd1 Be3+ 28. Kf1 Kb7 29. Rdd7 Rc8 30. e6 Bf4 31. e7 Bg5 32. Rxg5
hxg5 33. Rd8 Rxd8 34. exd8=Q 1-0

[Event "ODJM B 2023"]
[Site "Willingen GER"]
[Date "2023.06.02"]
[Round "8"]
[White "Farokhi, Darian"]
[Black "Frowein, Jamie"]
[Result "0-1"]
[Termination "normal"]
[Board "40"]
[WhiteElo "1455"]
[BlackElo "1441"]
[PlyCount "56"]
[WhiteFideId "16253108"]
[BlackFideId "16282949"]
[EventCountry "GER"]
[EventRounds "9"]
[EventType "swiss"]
[EventDate "2023.05.27"]

1. e4 c5 2. Nf3 d6 3. d4 cxd4 4. Nxd4 Nf6 5. Nc3 g6 6. Bc4 Bg7 7. f3 O-O 8. Be3
Nc6 9. Qd2 a6 10. O-O-O Qc7 11. g4 Nxd4 12. Qxd4 Nxg4 13. Nd5 Nxe3 14. Nxc7
Bxd4 15. Nxa8 Nxd1 16. Rxd1 Be3+ 17. Kb1 Bh3 18. Nc7 Rc8 19. Nd5 Rxc4 20. Nxe3
Rc5 21. Nd5 Kf8 22. Rd3 Bf1 23. Rb3 Bb5 24. Nc3 Rg5 25. a3 Rg1+ 26. Ka2 Bc4 27.
a4 Bxb3+ 28. Kxb3 Rf1 0-1

[Event "ODJM B 2023"]
[Site "Willingen GER"]
[Date "2023.06.02"]
[Round "8"]
[White "Sensoy, Emir"]
[Black "Jacoby, Angelina"]
[Result "1-0"]
[Termination "normal"]
[Board "41"]
[WhiteElo "1418"]
[BlackElo "1583"]
[PlyCount "137"]
[WhiteFideId "34607390"]
[BlackFideId "12999008"]
[EventCountry "GER"]
[EventRounds "9"]
[EventType "swiss"]
[EventDate "2023.05.27"]

1. e4 e5 2. Nf3 Nc6 3. Bc4 Bc5 4. c3 Nf6 5. d3 d6 6. Nbd2 a6 7. a3 Ba7 8. O-O
O-O 9. h3 h6 10. b4 Re8 11. Bb2 d5 12. exd5 Nxd5 13. Ne4 Be6 14. Re1 Nf4 15.
Bxe6 Nxe6 16. Qc2 Nf8 17. Rad1 Qd7 18. d4 exd4 19. Nxd4 Nxd4 20. cxd4 Rad8 21.
Nc5 Qc8 22. Qc3 f6 23. Qg3 Kh8 24. Ne4 Bb8 25. d5 Qf5 26. Qg4 Qxg4 27. hxg4 Nd7
28. Ng3 Nb6 29. Rxe8+ Rxe8 30. Nf5 Kh7 31. Ne3 Rd8 32. Kf1 Ba7 33. d6 Rxd6 34.
Rxd6 cxd6 35. Bd4 Nc8 36. Bxa7 Nxa7 37. Ke2 Nb5 38. Nc4 d5 39. Nb6 Nc7 40. Kd3
Kg6 41. a4 Kf7 42. a5 Ke6 43. Na4 Kd6 44. Nc5 Kc6 45. Ke3 b6 46. axb6 Kxb6 47.
Kd4 Kc6 48. f4 a5 49. Nd3 Nb5+ 50. Ke3 a4 51. Nc5 a3 52. Kd3 g5 53. g3 Kd6 54.
Nb7+ Ke6 55. Nc5+ Kf7 56. Kc2 Kg6 57. f5+ Kf7 58. Kb3 Ke7 59. Na4 d4 60. Nc5
Kd6 61. Kc4 Ke5 62. Kd3 Kd5 63. Nb3 a2 64. Kc2 Kc4 65. Kb2 Nc3 66. b5 Nxb5 67.
Kxa2 Kc3 68. Nc5 Kc2 69. Nb3 {Zeitüberschreitung} 1-0

[Event "ODJM B 2023"]
[Site "Willingen GER"]
[Date "2023.06.02"]
[Round "8"]
[White "Yang, Markus"]
[Black "Schirmer, Sara"]
[Result "1-0"]
[Termination "normal"]
[Board "42"]
[WhiteElo "1518"]
[BlackElo "1406"]
[PlyCount "107"]
[WhiteFideId "16206550"]
[BlackFideId "16297580"]
[EventCountry "GER"]
[EventRounds "9"]
[EventType "swiss"]
[EventDate "2023.05.27"]

1. e4 c5 2. c3 d6 3. d4 Nc6 4. Nf3 Bg4 5. Be2 Nf6 6. d5 Bxf3 7. Bxf3 Ne5 8. Bf4
Nxf3+ 9. Qxf3 Qb6 10. b3 h6 11. e5 dxe5 12. Bxe5 Nd7 13. Bf4 g5 14. Be3 Bg7 15.
O-O Qf6 16. Qg3 Qe5 17. f4 Qxd5 18. fxg5 O-O-O 19. gxh6 Bxh6 20. Bxh6 Rxh6 21.
Na3 Rg6 22. Qf3 Qg5 23. Rae1 e6 24. Nc4 Kc7 25. Ne5 Nxe5 26. Rxe5 f5 27. Rxc5+
Kb8 28. Re5 Rd2 29. Re2 Rxe2 30. Qxe2 f4 31. Rd1 Rg7 32. Qd2 f3 33. Qd6+ Kc8
34. Qxe6+ Kc7 35. Qd6+ Kc8 36. Qf8+ Kc7 37. Qxf3 Qc5+ 38. Qf2 Qxc3 39. Qf4+ Kb6
40. Qd4+ Qxd4+ 41. Rxd4 Rc7 42. Rd2 a5 43. g4 Rg7 44. h3 Kc5 45. Kf2 b5 46. Kg3
a4 47. bxa4 bxa4 48. h4 Kc4 49. h5 Kc3 50. h6 Rh7 51. Rh2 a3 52. g5 Kd4 53. g6
Rh8 54. h7 1-0

[Event "ODJM B 2023"]
[Site "Willingen GER"]
[Date "2023.06.02"]
[Round "8"]
[White "Wang, Simon"]
[Black "Köpnick, Amanda"]
[Result "1/2-1/2"]
[Termination "normal"]
[Board "43"]
[WhiteElo "1483"]
[BlackElo "1271"]
[PlyCount "120"]
[WhiteFideId "34605398"]
[BlackFideId "34618538"]
[EventCountry "GER"]
[EventRounds "9"]
[EventType "swiss"]
[EventDate "2023.05.27"]

1. c4 e5 2. Nc3 d6 3. g3 f5 4. Bg2 Nf6 5. e3 Be7 6. Nge2 O-O 7. O-O c6 8. b3
Be6 9. Bb2 Nbd7 10. d4 Nb6 11. dxe5 dxe5 12. Qc2 Qc7 13. Rad1 Rad8 14. f4 e4
15. Nd4 Bc8 16. h3 h5 17. a3 a6 18. Kh2 g6 19. c5 Nbd5 20. Nxd5 Rxd5 21. b4 Kh7
22. Rd2 Rdd8 23. Kg1 Nd5 24. Kf2 Rf7 25. Rfd1 Kg8 26. Bf1 Kh7 27. Bc4 Rff8 28.
Qb3 Bf6 29. Ne2 Bxb2 30. Qxb2 Be6 31. Qb3 Rfe8 32. Rd4 Kg7 33. Qb2 Kf7 34. Qd2
Ke7 35. Ke1 Rd7 36. Nc3 Red8 37. Nxd5+ Bxd5 38. Be2 Bb3 39. Rxd7+ Rxd7 40.
Qxd7+ Qxd7 41. Rxd7+ Kxd7 42. Kd2 Ke6 43. Kc3 Ba4 44. h4 Bb5 45. Bc4+ Bxc4 46.
Kxc4 Kf6 47. a4 Ke6 48. Kd4 Kf6 49. Kc3 Ke6 50. Kb3 Kd5 51. Kc3 Ke6 52. Kc4 Kd7
53. Kd4 Ke6 54. Kc4 Kd7 55. b5 a5 56. bxc6+ bxc6 57. Kc3 Ke6 58. Kd4 Kf6 59.
Kc4 Ke6 60. Kd4 Kf6 1/2-1/2

[Event "ODJM B 2023"]
[Site "Willingen GER"]
[Date "2023.06.02"]
[Round "8"]
[White "Kutz, Paul Matti"]
[Black "Fettig, Konrad"]
[Result "1-0"]
[Termination "normal"]
[Board "44"]
[WhiteElo "1537"]
[BlackElo "1601"]
[PlyCount "61"]
[WhiteFideId "16296265"]
[BlackFideId "34622888"]
[EventCountry "GER"]
[EventRounds "9"]
[EventType "swiss"]
[EventDate "2023.05.27"]

1. d4 d5 2. e3 Nf6 3. c4 e6 4. Nf3 c5 5. Qb3 Nc6 6. cxd5 exd5 7. Nc3 cxd4 8.
exd4 Bb4 9. Bb5 Bxc3+ 10. Qxc3 Bd7 11. O-O O-O 12. Bg5 Rc8 13. Qd3 Nb4 14. Bxf6
Qxf6 15. Qb3 Bxb5 16. Qxb4 Bxf1 17. Rxf1 Qb6 18. Qd2 f6 19. Nh4 Rfe8 20. Nf5
Qe6 21. Qf4 Rcd8 22. Qg4 g6 23. Nh6+ Kg7 24. Qh4 f5 25. Qg5 Qf6 26. h4 Qxg5 27.
hxg5 Re2 28. Rc1 Rd7 29. Rc8 Re1+ 30. Kh2 Rh1+ 31. Kxh1 1-0

[Event "ODJM B 2023"]
[Site "Willingen GER"]
[Date "2023.06.02"]
[Round "8"]
[White "Brandt, Clara"]
[Black "Meitzner, Johan Eduard"]
[Result "0-1"]
[Termination "normal"]
[Board "45"]
[WhiteElo "1254"]
[BlackElo "1262"]
[PlyCount "82"]
[WhiteFideId "34614737"]
[BlackFideId "34623612"]
[EventCountry "GER"]
[EventRounds "9"]
[EventType "swiss"]
[EventDate "2023.05.27"]

1. Nf3 c5 2. g3 Nc6 3. d4 cxd4 4. Nxd4 Qb6 5. Nf3 Nf6 6. Nc3 e6 7. Bg2 d5 8. e3
g6 9. O-O Bg7 10. Rb1 Qa5 11. a3 O-O 12. b4 Qd8 13. Bb2 a6 14. Re1 e5 15. Ne2
Qe7 16. Nd2 Rd8 17. Qc1 b5 18. c4 bxc4 19. Nxc4 Bf5 20. Ra1 dxc4 21. Bxc6 Ra7
22. Bg2 Rc7 23. Nc3 Bd3 24. e4 Rcc8 25. Bf1 Ng4 26. h3 Bh6 27. f4 Qa7+ 28. Kh1
Nf2+ 29. Kg2 Bxf1+ 30. Rxf1 Nd3 31. Qc2 exf4 32. Nd5 Re8 33. Nf6+ Kf8 34. Nxe8
Rxe8 35. Qc3 Qb6 36. Rad1 Rxe4 37. Rd2 f3+ 38. Kxf3 Re3+ 39. Kg4 f5+ 40. Kh4
g5+ 41. Kh5 Qg6# 0-1

[Event "ODJM B 2023"]
[Site "Willingen GER"]
[Date "2023.06.02"]
[Round "8"]
[White "Menne, Lukas"]
[Black "Aguike, Chidera"]
[Result "0-1"]
[Termination "normal"]
[Board "46"]
[WhiteElo "1273"]
[BlackElo "1449"]
[PlyCount "172"]
[WhiteFideId "16288467"]
[BlackFideId "34611339"]
[EventCountry "GER"]
[EventRounds "9"]
[EventType "swiss"]
[EventDate "2023.05.27"]

1. d4 d5 2. Bf4 Nf6 3. e3 e6 4. Nf3 c5 5. c3 Nc6 6. Bd3 Be7 7. O-O O-O 8. Nbd2
Nh5 9. Bg3 Nxg3 10. hxg3 c4 11. Bc2 f5 12. Ne5 Nxe5 13. dxe5 Qe8 14. f4 Kh8 15.
Kf2 Rg8 16. Rh1 g5 17. Qh5 Qg6 18. Nf3 gxf4 19. Qxg6 fxe3+ 20. Kxe3 Rxg6 21.
Rh3 Bc5+ 22. Ke2 Bd7 23. Rah1 Rg7 24. Ng5 Bc8 25. Rxh7+ Rxh7 26. Rxh7+ Kg8 27.
Kf3 b6 28. g4 d4 29. gxf5 d3 30. Bd1 exf5 31. Rc7 Rb8 32. e6 Bb7+ 33. Rxb7 Rxb7
34. Kf4 Kg7 35. Kxf5 Be7 36. Ne4 b5 37. g3 Rb8 38. Kf4 Rh8 39. Kf3 Rh6 40. b3
Rxe6 41. bxc4 bxc4 42. Nd2 Re1 43. Ba4 Bf6 44. Nxc4 Bxc3 45. Ne3 d2 46. Nd1 Bd4
47. Bb3 Kf6 48. Kf4 Be5+ 49. Kg4 Rg1 50. Kf3 Bxg3 51. Ke3 Be1 52. Kf4 Ke7 53.
Ke3 Rg6 54. Ke2 Rc6 55. Nb2 Kd6 56. Nc4+ Kc5 57. Nxd2 Bxd2 58. Kxd2 Kb4 59. Kd1
Rc3 60. Bf7 Rf3 61. Bg8 Rf2 62. Be6 a5 63. Bg8 Kc3 64. Ke1 Rd2 65. Bb3 Kd3 66.
Bc4+ Kc3 67. Bb3 Rd8 68. Ke2 Kb4 69. Ke3 a4 70. Bf7 Kc3 71. Ke2 Rd2+ 72. Ke3
Rd1 73. Ke2 Ra1 74. Ke3 Re1+ 75. Kf2 Re7 76. Bd5 Kd2 77. Bc4 Re5 78. Kf3 Kc3
79. Kf4 Re8 80. Bd5 Re1 81. Kf3 Kb2 82. Bc6 a3 83. Bd5 Ra1 84. Ke2 Rxa2 85.
Bxa2 Kxa2 86. Kd2 Kb2 0-1

[Event "ODJM B 2023"]
[Site "Willingen GER"]
[Date "2023.06.02"]
[Round "8"]
[White "Stepanjan, Tatevik Mia"]
[Black "Kraus, Johanna"]
[Result "1-0"]
[Termination "normal"]
[Board "47"]
[WhiteElo "1206"]
[BlackElo "1408"]
[PlyCount "119"]
[WhiteFideId "16246128"]
[BlackFideId "34653872"]
[EventCountry "GER"]
[EventRounds "9"]
[EventType "swiss"]
[EventDate "2023.05.27"]

1. e4 d5 2. exd5 Qxd5 3. Nc3 Qa5 4. Bc4 Bf5 5. d3 Nf6 6. Bd2 c6 7. Nd5 Qd8 8.
Nxf6+ exf6 9. Qe2+ Qe7 10. Qxe7+ Bxe7 11. Nf3 Nd7 12. O-O O-O-O 13. Bxf7 Bd6
14. Nh4 Bg4 15. h3 g5 16. hxg4 gxh4 17. Bh6 Bf8 18. Bxf8 Rdxf8 19. Be6 h6 20.
Rfe1 Kc7 21. Re2 Rh7 22. Rae1 Rg7 23. Bf5 Rff7 24. d4 Nb6 25. b3 Nd5 26. c4 Ne7
27. Be6 Rf8 28. a4 a5 29. f3 b6 30. Re3 Rd8 31. Rd1 Ng6 32. Bf5 Ne7 33. Bc2 Rd7
34. Re6 Rf7 35. Kh2 Rd6 36. Rxd6 Kxd6 37. Kh3 f5 38. gxf5 Nxf5 39. Bxf5 Rxf5
40. Kxh4 Rf6 41. Kh3 h5 42. Re1 c5 43. d5 Rh6 44. Re6+ Rxe6 45. dxe6 Kxe6 46.
Kh4 Ke5 47. Kxh5 Kd4 48. g4 Kc3 49. g5 Kxb3 50. g6 Kxa4 51. g7 Kb4 52. g8=Q a4
53. Qd5 a3 54. Qd2+ Kb3 55. Qd3+ Kb2 56. Qd2+ Kb3 57. Qc1 a2 58. f4 a1=Q 59.
Qxa1 Kxc4 60. f5 1-0

[Event "ODJM B 2023"]
[Site "Willingen GER"]
[Date "2023.06.02"]
[Round "8"]
[White "Goda, Maurice"]
[Black "Prokscha, Charlotte"]
[Result "1/2-1/2"]
[Termination "normal"]
[Board "48"]
[WhiteElo "1453"]
[BlackElo "1367"]
[PlyCount "51"]
[WhiteFideId "34640940"]
[BlackFideId "34614699"]
[EventCountry "GER"]
[EventRounds "9"]
[EventType "swiss"]
[EventDate "2023.05.27"]

1. d4 d5 2. Nc3 Nf6 3. Bf4 c6 4. e3 e6 5. Nf3 Bd6 6. Bg3 Bc7 7. Bd3 Nbd7 8. Qe2
Ba5 9. O-O O-O 10. e4 dxe4 11. Nxe4 Nxe4 12. Bxe4 Bc7 13. Bxc7 Qxc7 14. Rad1
Nf6 15. Bd3 b6 16. Rfe1 Bb7 17. Ba6 Rab8 18. Bxb7 Rxb7 19. Rd2 a6 20. Red1 Rbb8
21. Ne5 Nd7 22. Qe4 Nxe5 23. Qxe5 Qc8 24. c4 Re8 25. Qh5 Rd8 26. b3 1/2-1/2

[Event "ODJM B 2023"]
[Site "Willingen GER"]
[Date "2023.06.02"]
[Round "8"]
[White "Junge, Julia"]
[Black "Pac, Maksym"]
[Result "1-0"]
[Termination "normal"]
[Board "49"]
[WhiteElo "1367"]
[BlackElo "1249"]
[PlyCount "21"]
[WhiteFideId "16293908"]
[BlackFideId "34623558"]
[EventCountry "GER"]
[EventRounds "9"]
[EventType "swiss"]
[EventDate "2023.05.27"]

1. e4 c5 2. Nf3 e6 3. c4 Nc6 4. Nc3 Nf6 5. d4 cxd4 6. Nxd4 Bb4 7. Nxc6 bxc6 8.
Bd3 d5 9. exd5 cxd5 10. Qa4+ Bd7 11. Qxb4 1-0

[Event "ODJM B 2023"]
[Site "Willingen GER"]
[Date "2023.06.02"]
[Round "8"]
[White "Albayrak, Melissa"]
[Black "Golke, Philipp"]
[Result "0-1"]
[Termination "normal"]
[Board "50"]
[WhiteElo "1362"]
[BlackElo "1374"]
[PlyCount "78"]
[WhiteFideId "16255283"]
[BlackFideId "34625259"]
[EventCountry "GER"]
[EventRounds "9"]
[EventType "swiss"]
[EventDate "2023.05.27"]

1. e4 e5 2. Nf3 Nc6 3. Bc4 Bc5 4. Nc3 Nf6 5. d3 h6 6. Be3 Bxe3 7. fxe3 d6 8.
O-O Be6 9. Nd5 Bxd5 10. exd5 Ne7 11. e4 O-O 12. Qe1 Qd7 13. h3 Ng6 14. d4 Rae8
15. Bd3 Re7 16. Qb4 c6 17. Rad1 Qc7 18. dxe5 Nxe5 19. Nxe5 Rxe5 20. Qd4 c5 21.
Qc4 Rfe8 22. Rde1 Qe7 23. Rf2 Nxe4 24. Rfe2 f5 25. Bxe4 Rxe4 26. Rxe4 fxe4 27.
b4 b6 28. bxc5 bxc5 29. Re3 Qe5 30. c3 Qf5 31. Qe2 Qxd5 32. Rg3 Qe5 33. Rg4 d5
34. Qb5 d4 35. Qc4+ Kh8 36. Qf7 Qe7 37. Qf2 e3 38. Qe2 d3 39. Qxd3 e2 0-1

[Event "ODJM B 2023"]
[Site "Willingen GER"]
[Date "2023.06.02"]
[Round "8"]
[White "Neumeier, Konstantin"]
[Black "Stelter, Finja"]
[Result "0-1"]
[Termination "normal"]
[Board "51"]
[WhiteElo "1413"]
[BlackElo "1322"]
[PlyCount "166"]
[WhiteFideId "34608230"]
[BlackFideId "16298624"]
[EventCountry "GER"]
[EventRounds "9"]
[EventType "swiss"]
[EventDate "2023.05.27"]

1. e4 c5 2. c3 Nc6 3. Nf3 g6 4. d4 cxd4 5. cxd4 Bg7 6. Nc3 d6 7. Bc4 Bg4 8. Qb3
Bxf3 9. Bxf7+ Kf8 10. Bxg8 Rxg8 11. gxf3 Nxd4 12. Qd1 Qc8 13. Be3 Ne6 14. Rc1
Qd7 15. f4 Bxc3+ 16. Rxc3 Ng7 17. e5 a6 18. exd6 exd6 19. Bb6 Nf5 20. Qc2 Qe6+
21. Kf1 Re8 22. Be3 Qxa2 23. Rc8 Qe6 24. Rxe8+ Qxe8 25. Qd3 Rg7 26. Kg2 Qc6+
27. Kg1 Nh4 28. f3 Nxf3+ 29. Kf2 Nh4 30. Rc1 Qd7 31. Qc3 Nf5 32. Qf6+ Kg8 33.
Bb6 Rf7 34. Qc3 Qe6 35. Rc2 Ne7 36. Be3 Nd5 37. Qc8+ Qxc8 38. Rxc8+ Kg7 39.
Bd4+ Kh6 40. Kg3 Nxf4 41. Be3 g5 42. Bxf4 Rxf4 43. Rd8 Rb4 44. Rxd6+ Kh5 45.
Rd7 h6 46. Rd2 Rb3+ 47. Kg2 g4 48. Rd5+ Kh4 49. Rd2 h5 50. Rc2 g3 51. Rc4+ Kg5
52. hxg3 Rxb2+ 53. Kh3 b6 54. Rd4 Rb5 55. Rd8 a5 56. Rd4 Rf5 57. Rd8 a4 58.
Rg8+ Kf6 59. Rf8+ Ke6 60. Ra8 b5 61. Ra6+ Kd5 62. g4 hxg4+ 63. Kxg4 Rf8 64. Ra7
Kc4 65. Re7 a3 66. Re2 Kb3 67. Re3+ Ka4 68. Re7 Ra8 69. Kf3 a2 70. Re1 b4 71.
Ra1 b3 72. Ke3 Rd8 73. Ke2 Ka3 74. Rh1 Kb2 75. Rh3 a1=Q 76. Rf3 Qa6+ 77. Kf2
Rd2+ 78. Kg3 Rd3 79. Rxd3 Qxd3+ 80. Kf2 Kc3 81. Ke1 Qd2+ 82. Kf1 b2 83. Kg1
b1=R# 0-1